[Event "Kingston 1st"]
[Site "Kingston"]
[Date "2022.07.23"]
[Round "7"]
[White "Healey, Michael W"]
[Black "Taylor, William J"]
[Result "0-1"]
[WhiteElo "2147"]
[BlackElo "1959"]
[PlyCount "44"]
[EventDate "2022.07.19"]
[EventType "tourn"]
[EventRounds "9"]
[EventCountry "ENG"]
[SourceTitle "EXT 2024"]
[Source "ChessBase"]
[SourceDate "2023.10.10"]
[SourceVersion "1"]
[SourceVersionDate "2023.10.10"]
[SourceQuality "1"]

1. e4 e5 2. Nf3 Nf6 3. d4 Nxe4 4. Bd3 d5 5. Nxe5 Nd7 6. Nc3 Nxe5 7. dxe5 Nxc3 8. bxc3 Bc5 9. 0-0 0-0 10. Qh5 g6 11. Qh6 f6 12. Re1 Qe7 13. e6 Bxe6 14. Bxg6 hxg6 15. Qxg6+ Kh8 16. Qh5+ Kg8 17. Be3 Bd6 18. Bh6 Rf7 19. Re3 Rh7 20. f4 Qf7 21. Qh4 Bc5 22. Rae1 Qg6 0-1

[Event "Kingston 1st"]
[Site "Kingston"]
[Date "2022.07.22"]
[Round "6"]
[White "Jones, Steven"]
[Black "Healey, Michael W"]
[Result "1-0"]
[WhiteElo "2251"]
[BlackElo "2147"]
[PlyCount "145"]
[EventDate "2022.07.19"]
[EventType "tourn"]
[EventRounds "9"]
[EventCountry "ENG"]
[SourceTitle "EXT 2024"]
[Source "ChessBase"]
[SourceDate "2023.10.10"]
[SourceVersion "1"]
[SourceVersionDate "2023.10.10"]
[SourceQuality "1"]

1. e4 e5 2. Nf3 Nc6 3. Bb5 a6 4. Ba4 Nf6 5. 0-0 Be7 6. Re1 b5 7. Bb3 d6 8. c3 0-0 9. h3 Na5 10. Bc2 c5 11. d4 Nd7 12. Nbd2 Bf6 13. dxc5 dxc5 14. Nf1 Nb6 15. Qe2 Be6 16. Ne3 Qc7 17. Ng4 Bxg4 18. hxg4 g6 19. g5 Bg7 20. Nh2 Nd7 21. Ng4 Rab8 22. a4 Nc6 23. Ne3 Ne7 24. Rd1 Rfd8 25. axb5 axb5 26. Nd5 Nxd5 27. exd5 f5 28. gxf6 Nxf6 29. c4 Ne8 30. Ra6 Rd6 31. cxb5 Rdb6 32. Be3 Bf8 33. b4 Rxa6 34. bxa6 Rxb4 35. Ra1 Qa7 36. Bd2 Rb6 37. Qxe5 Kf7 38. Re1 Nf6 39. Bd3 Bd6 40. Qe6+ Kg7 41. Bc3 Bh2+ 42. Kxh2 Rxe6 43. Rxe6 c4 44. Bxf6+ Kh6 45. Bxc4 Qc7+ 46. Be5 Qxc4 47. a7 Qh4+ 48. Kg1 Qa4 49. Bf4+ Kh5 50. Be3 g5 51. Kh2 Qh4+ 52. Kg1 Qa4 53. Rc6 Qa1+ 54. Rc1 Qa5 55. Bd4 Qxd5 56. Ra1 Qa8 57. Rb1 Qe4 58. Ra1 Qa8 59. Be3 Kg4 60. Ra4+ Kf5 61. Rb4 Qd8 62. Rb5+ Kg4 63. Rxg5+ Kh4 64. g3+ Kh3 65. Rh5+ Kg4 66. Rh4+ Kf3 67. Kh2 h5 68. Ra4 Qd5 69. Rb4 Ke2 70. Rb8 Qc6 71. a8Q Qc2 72. Qa6+ Kd1 73. Qf1# 1-0

[Event "Kingston 1st"]
[Site "Kingston"]
[Date "2022.07.20"]
[Round "2"]
[White "Seymour, Timothy P"]
[Black "Healey, Michael W"]
[Result "1/2-1/2"]
[WhiteElo "2076"]
[BlackElo "2147"]
[PlyCount "40"]
[EventDate "2022.07.19"]
[EventType "tourn"]
[EventRounds "9"]
[EventCountry "ENG"]
[SourceTitle "EXT 2024"]
[Source "ChessBase"]
[SourceDate "2023.10.10"]
[SourceVersion "1"]
[SourceVersionDate "2023.10.10"]
[SourceQuality "1"]

1. Nf3 Nf6 2. e3 e6 3. b3 Be7 4. Bb2 0-0 5. c4 c5 6. Nc3 Nc6 7. Be2 d6 8. d4 b6 9. 0-0 Bb7 10. d5 Nb4 11. e4 Nd7 12. Re1 e5 13. h3 Kh8 14. Kh2 Rg8 15. Nd2 Nf8 16. Nf1 Bc8 17. Ne3 Bg5 18. Bc1 g6 19. a3 Na6 20. g3 Nc7 1/2-1/2

[Event "Kingston 1st"]
[Site "Kingston"]
[Date "2022.07.19"]
[Round "1"]
[White "Healey, Michael W"]
[Black "Large, Peter G"]
[Result "1-0"]
[WhiteElo "2147"]
[BlackElo "2299"]
[PlyCount "89"]
[EventDate "2022.07.19"]
[EventType "tourn"]
[EventRounds "9"]
[EventCountry "ENG"]
[SourceTitle "EXT 2024"]
[Source "ChessBase"]
[SourceDate "2023.10.10"]
[SourceVersion "1"]
[SourceVersionDate "2023.10.10"]
[SourceQuality "1"]

1. e4 e6 2. d4 d5 3. e5 Ne7 4. Nf3 b6 5. c3 Qd7 6. Na3 Ba6 7. Bxa6 Nxa6 8. Qe2 Nb8 9. h4 h5 10. Rh3 c5 11. dxc5 bxc5 12. c4 d4 13. Bf4 Nbc6 14. Kf1 Nf5 15. Qe4 Rb8 16. b3 Be7 17. Nc2 Qb7 18. Nce1 Nb4 19. Qe2 a5 20. Bg5 Qc6 21. a3 Na6 22. Nd2 Bxg5 23. hxg5 h4 24. Nd3 Ke7 25. Kg1 Rhc8 26. g6 fxg6 27. Qg4 Kd7 28. Qxg6 Rf8 29. Re1 a4 30. bxa4 Qxa4 31. Ne4 Qc6 32. Qg4 Rbe8 33. Rf3 Re7 34. Qh3 Ree8 35. Ng5 g6 36. Nf4 Nc7 37. Rb3 Qa4 38. Ne4 Qxc4 39. Nd3 Rb8 40. Rc1 Qd5 41. Rxb8 Qxe4 42. Nxc5+ Ke7 43. Nxe4 Rxb8 44. Rxc7+ Kd8 45. Rc1 1-0

[Event "Nancy Meurthe rapid 17th"]
[Site "Nancy"]
[Date "2019.02.24"]
[Round "6"]
[White "Guilleux, Fabien"]
[Black "Healey, Michael W"]
[Result "1-0"]
[WhiteElo "2441"]
[BlackElo "2144"]
[PlyCount "89"]
[EventDate "2019.02.24"]
[EventType "swiss (rapid)"]
[EventRounds "9"]
[EventCountry "FRA"]
[SourceTitle "CBM 189 Extra"]
[Source "ChessBase"]
[SourceDate "2019.06.03"]
[SourceVersion "1"]
[SourceVersionDate "2019.06.03"]
[SourceQuality "1"]

1. Nf3 Nf6 2. c4 Nc6 3. d4 e6 4. a3 g6 5. Nc3 Bg7 6. e4 d6 7. Be2 0-0 8. Be3 Re8 9. Qd3 e5 10. d5 Ne7 11. Nd2 c5 12. dxc6 bxc6 13. b4 Qc7 14. 0-0 Rd8 15. Rac1 Be6 16. b5 Qa5 17. Nb3 Qc7 18. bxc6 Qxc6 19. Nd5 Bxd5 20. cxd5 Qa4 21. Rc4 Qa6 22. Rc7 Qxd3 23. Bxd3 Bf8 24. Rfc1 Nexd5 25. exd5 Nxd5 26. Rb7 Nxe3 27. fxe3 Bh6 28. Kf2 Rdc8 29. Bc4 Rab8 30. Bxf7+ Kh8 31. Bd5 Rf8+ 32. Ke2 Rxb7 33. Bxb7 Kg7 34. Rc7+ Kf6 35. Bd5 e4 36. Nd2 Ke5 37. Bxe4 d5 38. Bf3 Re8 39. Rxh7 Bg5 40. Rxa7 Kd6 41. Ra6+ Kc7 42. Nf1 d4 43. Rxg6 Be7 44. exd4 Bxa3+ 45. Kd3 1-0

[Event "Nancy Meurthe blitz 17th"]
[Site "Nancy"]
[Date "2019.02.23"]
[Round "8"]
[White "Cahen, Alexis"]
[Black "Healey, Michael W"]
[Result "1-0"]
[WhiteElo "2105"]
[BlackElo "2144"]
[PlyCount "113"]
[EventDate "2019.02.24"]
[EventType "swiss (blitz)"]
[EventRounds "11"]
[EventCountry "FRA"]
[SourceTitle "CBM 189 Extra"]
[Source "ChessBase"]
[SourceDate "2019.06.03"]
[SourceVersion "1"]
[SourceVersionDate "2019.06.03"]
[SourceQuality "1"]

1. d4 Nf6 2. Bf4 b5 3. e3 a6 4. Nf3 Bb7 5. Nbd2 e6 6. c3 c5 7. Bd3 d5 8. Ne5 Nbd7 9. Qf3 Nxe5 10. Bxe5 Nd7 11. Bf4 Be7 12. Qg3 Bf6 13. Bd6 Qb6 14. Nf3 Rc8 15. 0-0 h5 16. h4 Rc6 17. Bf4 Qd8 18. a4 b4 19. cxb4 cxb4 20. Rfc1 Qc8 21. Rxc6 Qxc6 22. Ne5 Qc8 23. e4 dxe4 24. Rc1 Qd8 25. Nxd7 Kxd7 26. Rc7+ Qxc7 27. Bxc7 exd3 28. Qd6+ Ke8 29. Qxb4 d2 30. Qxd2 Kd7 31. Bf4 Rc8 32. Qb4 Bd5 33. Qd6+ Ke8 34. Qxa6 Rc2 35. Qb5+ Kd8 36. Qb8+ Rc8 37. Qd6+ Ke8 38. Be5 Be7 39. Qa6 Rc1+ 40. Kh2 f6 41. Bd6 Bd8 42. Bg3 g5 43. hxg5 fxg5 44. Qb5+ Kf7 45. Be5 Be7 46. a5 Bc6 47. Qb6 h4 48. a6 g4 49. a7 h3 50. gxh3 Bh4 51. Qc7+ Kg6 52. Qxc6 g3+ 53. Bxg3 Bxg3+ 54. Kxg3 Rxc6 55. a8Q Rd6 56. Qg8+ Kf5 57. Qf8+ 1-0

[Event "Nancy Meurthe blitz 17th"]
[Site "Nancy"]
[Date "2019.02.23"]
[Round "10"]
[White "Healey, Michael W"]
[Black "Muter, Donny"]
[Result "0-1"]
[WhiteElo "2144"]
[BlackElo "2206"]
[PlyCount "44"]
[EventDate "2019.02.24"]
[EventType "swiss (blitz)"]
[EventRounds "11"]
[EventCountry "FRA"]
[SourceTitle "CBM 189 Extra"]
[Source "ChessBase"]
[SourceDate "2019.06.03"]
[SourceVersion "1"]
[SourceVersionDate "2019.06.03"]
[SourceQuality "1"]

1. b4 d5 2. Bb2 Nf6 3. e3 e6 4. b5 a6 5. a4 axb5 6. axb5 Rxa1 7. Bxa1 Be7 8. Nf3 0-0 9. Be2 b6 10. 0-0 Bb7 11. Ne5 Bd6 12. f4 c5 13. bxc6 Nxc6 14. d4 Bxe5 15. dxe5 Ne4 16. Nd2 Nc5 17. Nb3 Nxb3 18. cxb3 Qa8 19. Bc3 Ba6 20. Rf2 Bxe2 21. Qxe2 Qa3 22. Qb5 Qc1+ 0-1

[Event "London Classic U2050 op 10th"]
[Site "London"]
[Date "2018.12.14"]
[Round "1"]
[White "Hymer, Barry J"]
[Black "Healey, Michael W"]
[Result "1/2-1/2"]
[WhiteElo "1850"]
[BlackElo "2127"]
[PlyCount "111"]
[EventDate "2018.12.14"]
[EventType "swiss"]
[EventRounds "5"]
[EventCountry "ENG"]
[SourceTitle "CBM 187 Extra"]
[Source "ChessBase"]
[SourceDate "2018.11.04"]
[SourceVersion "1"]
[SourceVersionDate "2018.11.04"]
[SourceQuality "1"]

1. d4 Nf6 2. Nf3 b5 3. Bf4 Bb7 4. e3 b4 5. a3 a5 6. c4 e6 7. Bd3 c5 8. Nbd2 Be7 9. h3 h6 10. Bh2 cxd4 11. exd4 d5 12. c5 Nc6 13. 0-0 Ba6 14. Qe2 Bxd3 15. Qxd3 0-0 16. Rfe1 Ra7 17. Qb5 Qa8 18. axb4 Nxb4 19. Rec1 Rc8 20. Nb3 Bd8 21. Ne5 Nc6 22. Nxc6 Qxc6 23. Qxc6 Rxc6 24. Ra4 Rb7 25. Nxa5 Bxa5 26. Rxa5 Rxb2 27. Ra8+ Kh7 28. f3 Rd2 29. Ra4 Kg6 30. Rb1 Nd7 31. Bd6 Rc8 32. Rb7 Nf6 33. Be5 Ne8 34. Bf4 Rc2 35. g4 f6 36. h4 h5 37. Raa7 hxg4 38. fxg4 e5 39. h5+ Kh7 40. dxe5 Rc4 41. exf6 Rxf4 42. f7 Rxg4+ 43. Kf2 Nf6 44. c6 Ne4+ 45. Kf3 Rg1 46. Ke2 Nd6 47. Rd7 Nxf7 48. c7 Rg2+ 49. Kf1 Rc2 50. Rxf7 Kh6 51. Rd7 Kxh5 52. Rxd5+ Kh6 53. Rd6+ g6 54. Raa6 R8xc7 55. Rxg6+ Kh5 56. Rh6+ 1/2-1/2

[Event "BCF-chT3S 1718 (4NCL) Promotion pool"]
[Site "England"]
[Date "2018.03.25"]
[Round "8.12"]
[White "Healey, Michael W"]
[Black "Villiers, Thomas"]
[Result "0-1"]
[WhiteElo "2157"]
[BlackElo "2157"]
[PlyCount "82"]
[EventDate "2017.11.11"]
[EventType "team-tourn"]
[EventRounds "11"]
[EventCountry "ENG"]
[SourceTitle "EXT 2020"]
[Source "ChessBase"]
[SourceDate "2019.10.17"]
[SourceVersion "1"]
[SourceVersionDate "2019.10.17"]
[SourceQuality "1"]
[WhiteTeam "Oxford II"]
[BlackTeam "Barnet Knights"]
[WhiteTeamCountry "ENG"]
[BlackTeamCountry "ENG"]

1. b4 e5 2. Bb2 Bxb4 3. Bxe5 Nf6 4. Nc3 Nc6 5. Bxf6 Qxf6 6. Nd5 Qe5 7. Nxb4 Nxb4 8. Rb1 Nxa2 9. Nf3 Qc5 10. c3 Qa5 11. e3 Nxc3 12. dxc3 Qxc3+ 13. Nd2 0-0 14. Be2 d5 15. 0-0 b6 16. Rc1 Qe5 17. Nf3 Qd6 18. Qb3 Bb7 19. Rfd1 c5 20. Qa2 Qe7 21. Ne1 Rfd8 22. Bf3 c4 23. Rb1 Qc5 24. Qb2 Bc6 25. Rbc1 Qe7 26. Rd4 b5 27. Nc2 a5 28. Rcd1 Qf6 29. Qc1 b4 30. Bxd5 Bxd5 31. Rxd5 c3 32. Rb5 Rab8 33. Rxb8 Rxb8 34. Nd4 Qa6 35. e4 Qc4 36. Qg5 h6 37. Qxa5 c2 38. Nxc2 Qxc2 39. Qa1 b3 40. Qb1 Rc8 41. Kf1 b2 0-1

[Event "BCF-chT3Sb 1718 (4NCL)"]
[Site "England"]
[Date "2018.01.13"]
[Round "3.81"]
[White "Higgs, Anthony"]
[Black "Healey, Michael W"]
[Result "1/2-1/2"]
[WhiteElo "1951"]
[BlackElo "2157"]
[PlyCount "132"]
[EventDate "2017.11.11"]
[EventType "team-tourn"]
[EventRounds "11"]
[EventCountry "ENG"]
[SourceTitle "EXT 2020"]
[Source "ChessBase"]
[SourceDate "2019.10.17"]
[SourceVersion "1"]
[SourceVersionDate "2019.10.17"]
[SourceQuality "1"]
[WhiteTeam "Sussex Martlets II"]
[BlackTeam "Oxford II"]
[WhiteTeamCountry "ENG"]
[BlackTeamCountry "ENG"]

1. d4 Nf6 2. Bf4 b5 3. a4 b4 4. Nd2 Bb7 5. Ngf3 e6 6. e3 Be7 7. h3 0-0 8. Bd3 c5 9. 0-0 Nc6 10. Qe2 d5 11. dxc5 Na5 12. e4 dxe4 13. Nxe4 Nxe4 14. Bxe4 Bxe4 15. Qxe4 Bxc5 16. Rad1 Qe7 17. Ng5 g6 18. Nf3 f6 19. Rfe1 Rfe8 20. Be3 Bxe3 21. Rxe3 Rac8 22. Red3 Rc7 23. Nd4 Nb7 24. Nb3 a5 25. Qe3 e5 26. Qe4 Qf7 27. Qd5 e4 28. Qxf7+ Kxf7 29. Rd7+ Re7 30. Rxe7+ Kxe7 31. Rd2 Nc5 32. Nxa5 Nxa4 33. b3 Nc3 34. Kh2 Rc5 35. Nc4 f5 36. Ne3 f4 37. Nc4 g5 38. g3 Rf5 39. Kg2 e3 40. fxe3 Ne4 41. Rd4 f3+ 42. Kf1 Nxg3+ 43. Kf2 Nh1+ 44. Kf1 h5 45. Nd2 f2 46. Kg2 h4 47. Kxh1 f1Q+ 48. Nxf1 Rxf1+ 49. Kg2 Rc1 50. Rxb4 Rxc2+ 51. Kf3 Rh2 52. Kg4 Rg2+ 53. Kf5 Rg3 54. Rb7+ Kd6 55. e4 Rf3+ 56. Kxg5 Rxh3 57. Kg4 Rg3+ 58. Kxh4 Re3 59. Kg5 Rxe4 60. Kf5 Re1 61. Rb4 Kc5 62. Rc4+ Kb5 63. Rf4 Re3 64. b4 Rb3 65. Ke5 Rxb4 66. Rxb4+ Kxb4 1/2-1/2

[Event "London Classic op"]
[Site "London"]
[Date "2017.12.06"]
[Round "6"]
[White "Healey, Michael W"]
[Black "Ifalore, Michael"]
[Result "0-1"]
[WhiteElo "2163"]
[BlackElo "1962"]
[PlyCount "60"]
[EventDate "2017.12.02"]
[EventType "swiss"]
[EventRounds "9"]
[EventCountry "ENG"]
[SourceTitle "CBM 182 Extra"]
[Source "ChessBase"]
[SourceDate "2018.02.23"]
[SourceVersion "1"]
[SourceVersionDate "2018.02.23"]
[SourceQuality "1"]

1. e4 e5 2. Nf3 Nc6 3. Bb5 a6 4. Ba4 Nf6 5. d3 Bc5 6. 0-0 b5 7. Bb3 d6 8. a4 Bg4 9. c3 h6 10. Be3 Ba7 11. h3 Be6 12. d4 Bxb3 13. Qxb3 Rb8 14. dxe5 dxe5 15. Bxa7 Nxa7 16. Nxe5 Qe7 17. Nf3 0-0 18. e5 Nd7 19. axb5 Rxb5 20. Qc4 Rxb2 21. Rxa6 Nb5 22. Qg4 Nxe5 23. Nxe5 Qxe5 24. Rxh6 Nxc3 25. Rh5 Ne2+ 26. Kh1 Qe7 27. Rh4 Qc5 28. Qd7 Qc2 29. Na3 Ng3+ 30. Kg1 Qe2 0-1

[Event "London Classic op"]
[Site "London"]
[Date "2017.12.03"]
[Round "2"]
[White "Healey, Michael W"]
[Black "Houska, Jovanka"]
[Result "0-1"]
[WhiteElo "2163"]
[BlackElo "2407"]
[PlyCount "94"]
[EventDate "2017.12.02"]
[EventType "swiss"]
[EventRounds "9"]
[EventCountry "ENG"]
[SourceTitle "CBM 182 Extra"]
[Source "ChessBase"]
[SourceDate "2018.02.23"]
[SourceVersion "1"]
[SourceVersionDate "2018.02.23"]
[SourceQuality "1"]

1. b4 d5 2. Bb2 Bf5 3. e3 e6 4. b5 Nf6 5. Nf3 Bd6 6. c4 c6 7. Be2 0-0 8. 0-0 h6 9. a4 a5 10. d4 cxb5 11. c5 Be7 12. axb5 Nbd7 13. Nc3 Ne4 14. Na4 b6 15. c6 Ndf6 16. Ba3 Bxa3 17. Rxa3 Bg4 18. Ne5 Bxe2 19. Qxe2 Qc7 20. f3 Nd6 21. Rb3 Rfd8 22. g4 Nfe8 23. h4 f6 24. Ng6 Nc4 25. Qg2 Ned6 26. g5 Qf7 27. gxh6 Kh7 28. h5 gxh6 29. e4 Rg8 30. Re1 Rae8 31. Nc3 Nc8 32. exd5 exd5 33. Rxe8 Rxe8 34. Ne2 f5 35. Nef4 a4 36. Rc3 N8d6 37. Ne5 Nxe5 38. dxe5 Nxb5 39. e6 Qg7 40. Qg6+ Qxg6+ 41. hxg6+ Kg7 42. Rc2 Nc7 43. Rg2 Kf6 44. Nh5+ Ke7 45. Ng7 Rg8 46. Nxf5+ Kf6 47. Nd6 Kxe6 0-1

[Event "BCF-chT3Sb 1718 (4NCL)"]
[Site "England"]
[Date "2017.11.12"]
[Round "2.61"]
[White "Mihalik, Agoston"]
[Black "Healey, Michael W"]
[Result "1/2-1/2"]
[WhiteElo "2142"]
[BlackElo "2157"]
[PlyCount "83"]
[EventDate "2017.11.11"]
[EventType "team-tourn"]
[EventRounds "11"]
[EventCountry "ENG"]
[SourceTitle "EXT 2020"]
[Source "ChessBase"]
[SourceDate "2019.10.17"]
[SourceVersion "1"]
[SourceVersionDate "2019.10.17"]
[SourceQuality "1"]
[WhiteTeam "Brown Jack"]
[BlackTeam "Oxford II"]
[WhiteTeamCountry "ENG"]
[BlackTeamCountry "ENG"]

1. e4 e5 2. Nf3 Nc6 3. d4 exd4 4. Bc4 Nf6 5. e5 d5 6. Bb5 Ne4 7. Nxd4 Bd7 8. Bxc6 bxc6 9. 0-0 Bc5 10. f3 Ng5 11. f4 Ne4 12. Be3 f5 13. Nd2 Qe7 14. a3 Bxd4 15. Bxd4 c5 16. Bf2 Nxf2 17. Rxf2 Be6 18. Nf3 h6 19. b4 0-0 20. bxc5 Qxc5 21. Nd4 Rae8 22. Rb1 Bc8 23. Rb5 Qxa3 24. Rxd5 Ba6 25. Nb3 Bc4 26. Rd7 Qb4 27. Rf3 Kh7 28. Qd2 Qb5 29. Qd4 Rf7 30. Rxf7 Bxf7 31. Rc3 Re7 32. Kf2 Bh5 33. Qe3 g5 34. Rc5 Qb4 35. fxg5 Qg4 36. Nd4 f4 37. Qe4+ Bg6 38. Qf3 Qh4+ 39. Kf1 Qxh2 40. gxh6 Qh1+ 41. Kf2 Qh4+ 42. Kf1 1/2-1/2

[Event "Heraklion op 21st"]
[Site "Heraklion"]
[Date "2017.09.10"]
[Round "9"]
[White "Levin, Evgeny A"]
[Black "Healey, Michael W"]
[Result "1-0"]
[WhiteElo "2532"]
[BlackElo "2165"]
[PlyCount "81"]
[EventDate "2017.09.03"]
[EventType "swiss"]
[EventRounds "9"]
[EventCountry "GRE"]
[SourceTitle "CBM 180 Extra"]
[Source "ChessBase"]
[SourceDate "2017.10.06"]
[SourceVersion "1"]
[SourceVersionDate "2017.10.06"]
[SourceQuality "1"]

1. d4 Nf6 2. c4 Nc6 3. Nc3 e5 4. d5 Ne7 5. h4 Neg8 6. e3 Bb4 7. Bd2 Bxc3 8. Bxc3 d6 9. Bd3 Ne7 10. Qc2 b5 11. b3 bxc4 12. bxc4 c6 13. dxc6 Qc7 14. Ne2 0-0 15. Ng3 Nxc6 16. Ne4 Ng4 17. Be2 Rb8 18. Qd2 Rd8 19. Rd1 Nf6 20. Nxf6+ gxf6 21. 0-0 Be6 22. Bd3 d5 23. cxd5 Bxd5 24. Qe2 Ne7 25. Rc1 Qd6 26. Qg4+ Kh8 27. Qh5 Ng6 28. Rfd1 Qf8 29. Ba5 Rdc8 30. Rxc8 Qxc8 31. Bf5 Qc5 32. e4 Rb2 33. Be1 Be6 34. Qh6 Qf8 35. Bd2 Rb8 36. Qe3 Nxh4 37. Qh3 Nxf5 38. exf5 Bc4 39. Qh4 Be2 40. Bh6 Qe7 41. Rd7 1-0

[Event "Heraklion op 21st"]
[Site "Heraklion"]
[Date "2017.09.09"]
[Round "8"]
[White "Spirou, Gerasimos"]
[Black "Healey, Michael W"]
[Result "0-1"]
[WhiteElo "1700"]
[BlackElo "2165"]
[PlyCount "182"]
[EventDate "2017.09.03"]
[EventType "swiss"]
[EventRounds "9"]
[EventCountry "GRE"]
[SourceTitle "CBM 180 Extra"]
[Source "ChessBase"]
[SourceDate "2017.10.06"]
[SourceVersion "1"]
[SourceVersionDate "2017.10.06"]
[SourceQuality "1"]

1. e4 e5 2. Nf3 Nc6 3. Nc3 Nf6 4. Bb5 Bb4 5. d3 d6 6. Bd2 0-0 7. h3 Kh8 8. Qe2 Nd4 9. Qd1 Bxc3 10. bxc3 Nxb5 11. a4 Bd7 12. Qb1 a6 13. axb5 Bxb5 14. Qb3 Bc6 15. 0-0 h6 16. c4 b6 17. Qb2 Ng8 18. Nh2 f5 19. exf5 Rxf5 20. f4 Qe8 21. g4 Qg6 22. fxe5 Rxe5 23. Rae1 Rae8 24. Rxe5 Rxe5 25. Rf2 Re8 26. Qd4 Nf6 27. Nf3 Bxf3 28. Rxf3 Nd7 29. Rf5 a5 30. Qf2 Kg8 31. Qf3 Rf8 32. Qd5+ Kh7 33. Rxf8 Nxf8 34. Bc3 Qe6 35. Qd4 Qf7 36. h4 Ne6 37. Qe4+ Qg6 38. Qf3 Nc5 39. h5 Qe6 40. Kf2 Nd7 41. Qf4 Nf6 42. Kg3 c6 43. Kh4 Nd7 44. Kg3 Kg8 45. g5 hxg5 46. Qxg5 Ne5 47. c5 bxc5 48. Bxa5 Nf7 49. Qg4 Qe3+ 50. Kg2 Qe5 51. Bd2 Kh8 52. Qc8+ Kh7 53. Qg4 Qf6 54. Qe4+ g6 55. hxg6+ Qxg6+ 56. Kf3 Ne5+ 57. Kf4 Kg7 58. Qxg6+ Nxg6+ 59. Kf5 Kf7 60. Bg5 Nf8 61. Bf4 Ke7 62. Bg5+ Kd7 63. c3 Ne6 64. Bh4 Nc7 65. c4 Na6 66. Ke4 Ke6 67. d4 d5+ 68. cxd5+ cxd5+ 69. Kd3 c4+ 70. Kc3 Kf5 71. Bg3 Ke6 72. Bf4 Kd7 73. Be5 Kc6 74. Bf6 Nb8 75. Kb4 Nd7 76. Be7 Nb8 77. Bg5 Na6+ 78. Ka5 Nc7 79. Kb4 Ne6 80. Be3 Ng7 81. Bf4 Nf5 82. Be5 Nd6 83. Bf6 Ne4 84. Be5 Kd7 85. Bf4 Ke6 86. Kb5 Kf5 87. Bc1 Nc3+ 88. Kb4 Ne2 89. Bh6 Ke4 90. Kc5 c3 91. Kb4 c2 0-1

[Event "Heraklion op 21st"]
[Site "Heraklion"]
[Date "2017.09.08"]
[Round "7"]
[White "Healey, Michael W"]
[Black "Duzhakov, Ilya"]
[Result "0-1"]
[WhiteElo "2165"]
[BlackElo "2429"]
[PlyCount "42"]
[EventDate "2017.09.03"]
[EventType "swiss"]
[EventRounds "9"]
[EventCountry "GRE"]
[SourceTitle "CBM 180 Extra"]
[Source "ChessBase"]
[SourceDate "2017.10.06"]
[SourceVersion "1"]
[SourceVersionDate "2017.10.06"]
[SourceQuality "1"]

1. e4 e6 2. b3 d5 3. Bb2 dxe4 4. Nc3 Nf6 5. Qe2 Bb4 6. 0-0-0 Qe7 7. Nxe4 Ba3 8. Nxf6+ Qxf6 9. d4 Bxb2+ 10. Kxb2 0-0 11. Nf3 a5 12. Qe5 Qd8 13. Bd3 Nd7 14. Qe2 a4 15. Kb1 Nf6 16. c4 b5 17. Be4 Ra7 18. Bc6 axb3 19. Bxb5 Rxa2 20. Rd2 Ra7 21. Ne5 Bb7 0-1

[Event "Heraklion op 21st"]
[Site "Heraklion"]
[Date "2017.09.06"]
[Round "5"]
[White "Healey, Michael W"]
[Black "Kotsinis, Alexandros"]
[Result "1-0"]
[WhiteElo "2165"]
[BlackElo "1370"]
[PlyCount "45"]
[EventDate "2017.09.03"]
[EventType "swiss"]
[EventRounds "9"]
[EventCountry "GRE"]
[SourceTitle "CBM 180 Extra"]
[Source "ChessBase"]
[SourceDate "2017.10.06"]
[SourceVersion "1"]
[SourceVersionDate "2017.10.06"]
[SourceQuality "1"]

1. e4 c5 2. Nf3 Nc6 3. b3 d6 4. Bb2 e5 5. Bc4 Be7 6. h3 f5 7. d3 Nf6 8. Nbd2 h6 9. Nh4 g5 10. Nxf5 Bxf5 11. exf5 d5 12. Bb5 Bd6 13. Bxc6+ bxc6 14. Qe2 Qe7 15. 0-0-0 a5 16. a4 0-0-0 17. Rde1 Rde8 18. Kb1 Qh7 19. g4 h5 20. Qd1 h4 21. Nf3 Qg7 22. Qd2 Bc7 23. Nxg5 1-0

[Event "Heraklion op 21st"]
[Site "Heraklion"]
[Date "2017.09.05"]
[Round "4"]
[White "Karpatchev, Aleksandr"]
[Black "Healey, Michael W"]
[Result "1-0"]
[WhiteElo "2508"]
[BlackElo "2165"]
[PlyCount "81"]
[EventDate "2017.09.03"]
[EventType "swiss"]
[EventRounds "9"]
[EventCountry "GRE"]
[SourceTitle "CBM 180 Extra"]
[Source "ChessBase"]
[SourceDate "2017.10.06"]
[SourceVersion "1"]
[SourceVersionDate "2017.10.06"]
[SourceQuality "1"]

1. e4 e5 2. Bc4 Nf6 3. d3 Nc6 4. a3 d6 5. Nc3 Be7 6. Nge2 Be6 7. Nd5 Bxd5 8. exd5 Nb8 9. d4 Nbd7 10. dxe5 dxe5 11. Ba2 b5 12. 0-0 0-0 13. Nc3 a6 14. Qe2 Ne8 15. Be3 Nd6 16. Rad1 Re8 17. Bb3 Rb8 18. a4 f5 19. f3 Bf6 20. axb5 axb5 21. Na2 b4 22. Bd2 e4 23. Nxb4 Bd4+ 24. Kh1 Qh4 25. Nc6 exf3 26. Qxf3 Ne5 27. Qf4 Ng4 28. Nxd4 Re4 29. Nf3 Nf2+ 30. Kg1 Qxf4 31. Bxf4 Nxd1 32. Bxd6 cxd6 33. Rxd1 h6 34. Nd4 f4 35. Kf2 Rf8 36. Ba4 g5 37. Bd7 Ra8 38. Be6+ Kf8 39. Nf5 Ra6 40. Nxh6 Ra2 41. Nf5 1-0

[Event "BCF-chT4S 1617 (4NCL)"]
[Site "England"]
[Date "2017.03.19"]
[Round "8.12"]
[White "Willmoth, Robert"]
[Black "Healey, Michael W"]
[Result "1/2-1/2"]
[WhiteElo "2245"]
[BlackElo "2179"]
[PlyCount "65"]
[EventDate "2016.11.26"]
[EventType "team-swiss"]
[EventRounds "11"]
[EventCountry "ENG"]
[SourceTitle "EXT 2019"]
[Source "ChessBase"]
[SourceDate "2018.10.10"]
[SourceVersion "1"]
[SourceVersionDate "2018.10.10"]
[SourceQuality "1"]
[WhiteTeam "Barnet Knights"]
[BlackTeam "Oxford II"]
[WhiteTeamCountry "ENG"]
[BlackTeamCountry "ENG"]

1. Nf3 Nf6 2. g3 b5 3. Bg2 Bb7 4. 0-0 e6 5. d4 c5 6. c3 Be7 7. Nbd2 cxd4 8. cxd4 0-0 9. Re1 d5 10. Nb3 a5 11. Bg5 Ne4 12. Bxe7 Qxe7 13. Rc1 a4 14. Nc5 Na6 15. Nxb7 Qxb7 16. Nd2 Rfd8 17. e3 Rac8 18. Rxc8 Rxc8 19. Nxe4 dxe4 20. Qb1 f5 21. Rc1 Nb4 22. Bf1 Rc6 23. a3 Nd5 24. Rc5 Rxc5 25. dxc5 Nc7 26. b3 axb3 27. Qxb3 Qc6 28. Qb4 Kf7 29. Kg2 e5 30. Qb3+ Qe6 31. Qb4 Qc6 32. Qb3+ Qe6 33. Qb4 1/2-1/2